00374pab a2200145 454500008004000000100002000040245005400060260000900114300001300123362001000136650002800146650001900174650002000193773001500213180718b2009 xxu||||| |||| 00| 0 eng d aAnand, Vinod K. aA unique strength of the informal sector in India c2009 ap.25-28. a6 Jun aInformal sector - India aLabour - India aInformal sector aMainstream